000 00443nam a2200157Ia 4500
008 210716s2005 xx 000 0 und d
020 _a8178812045
041 _aeng
082 _a332.6 ICFA
100 _aBoard of Editors
245 _aPortfolio management: basic issues.
_bBasic issues.
250 _a1
260 _aNew Delhi
_bICFAI University Press
_c2005
300 _avii,202,4
650 _aInvestment Analysis & Portfolio Management
999 _c199674
_d199674